[Event "Mittelfrank Regionalliga Nord-West 2122"]
[Site "Mittelfranken"]
[Date "2022.05.08"]
[Round "8.7"]
[White "Mueller, Kai"]
[Black "Rothaermel, Eduard"]
[Result "1/2-1/2"]
[WhiteElo "1773"]
[BlackElo "1787"]
[PlyCount "100"]
[EventDate "2021.10.24"]
[EventType "team-tourn"]
[EventRounds "9"]
[EventCountry "GER"]
[SourceTitle "EXT 2024"]
[Source "ChessBase"]
[SourceDate "2023.10.10"]
[SourceVersion "1"]
[SourceVersionDate "2023.10.10"]
[SourceQuality "1"]
[WhiteTeam "Kitzingen"]
[BlackTeam "Bad Neustadt"]
[WhiteTeamCountry "GER"]
[BlackTeamCountry "GER"]

1. e4 c5 2. Nf3 g6 3. c3 Nf6 4. e5 Nd5 5. d4 cxd4 6. cxd4 Nc6 7. Bc4 Nb6 8. Bb3 d5 9. 0-0 Bg4 10. Be3 Bg7 11. h3 Bf5 12. Nc3 0-0 13. Nh4 Be6 14. f4 f5 15. Nf3 Bf7 16. Rc1 Na5 17. Qe2 Nbc4 18. Bxc4 Nxc4 19. b3 Nxe3 20. Qxe3 Qd7 21. Rc2 Rfc8 22. Rfc1 e6 23. Qd3 Be8 24. Na4 b6 25. Qa6 Rxc2 26. Rxc2 Rb8 27. Kf2 h6 28. h4 Bf8 29. Ne1 Be7 30. g3 Kf7 31. Nd3 Rb7 32. Ke3 Rc7 33. Rxc7 Qxc7 34. Kd2 g5 35. fxg5 hxg5 36. hxg5 Bxg5+ 37. Nf4 Qe7 38. Qe2 Qb4+ 39. Kc2 Bxf4 40. gxf4 Bxa4 41. Qh5+ Ke7 42. Qg5+ Kd7 43. Qg7+ Qe7 44. Qxe7+ Kxe7 45. bxa4 Kf7 46. a5 Kg6 47. axb6 axb6 48. Kb3 Kh5 49. Kb4 Kg4 50. Kb5 Kxf4 1/2-1/2

[Event "Oberfranken-ch Q 0506"]
[Site "Schney"]
[Date "2006.01.03"]
[Round "4"]
[White "Roedel, Ulrich"]
[Black "Rothaermel, Eduard"]
[Result "1/2-1/2"]
[WhiteElo "1753"]
[BlackElo "1797"]
[PlyCount "71"]
[EventDate "2006.01.02"]
[EventType "swiss"]
[EventRounds "6"]
[EventCountry "GER"]
[SourceTitle "EXT 2015"]
[Source "ChessBase"]
[SourceDate "2014.11.20"]
[SourceVersion "1"]
[SourceVersionDate "2014.11.20"]
[SourceQuality "1"]

1. d4 Nf6 2. c4 g6 3. Nc3 Bg7 4. e4 d6 5. Nf3 0-0 6. Be2 Nbd7 7. Be3 e5 8. dxe5 Nxe5 9. Nxe5 dxe5 10. Qc2 Qe7 11. Rd1 Be6 12. 0-0 Ng4 13. Nd5 Bxd5 14. Bxg4 Be6 15. Bxe6 Qxe6 16. Rd5 Rfd8 17. Rfd1 Rxd5 18. Rxd5 a6 19. Qd3 Bf6 20. Rd7 Rc8 21. b3 Be7 22. c5 Bd6 23. c6 bxc6 24. Rxd6 Qxd6 25. Qxa6 Qd1+ 26. Qf1 Qxf1+ 27. Kxf1 Ra8 28. a4 Kf8 29. Bc5+ Ke8 30. Ke2 Ra5 31. Bb4 Ra8 32. Bc5 Rb8 33. b4 Kd7 34. Kd2 f5 35. a5 Ra8 36. Ke3 1/2-1/2

[Event "Oberfranken-ch Q 0506"]
[Site "Schney"]
[Date "2006.01.03"]
[Round "3"]
[White "Rothaermel, Eduard"]
[Black "Martius, Roland"]
[Result "1/2-1/2"]
[WhiteElo "1797"]
[BlackElo "1716"]
[PlyCount "37"]
[EventDate "2006.01.02"]
[EventType "swiss"]
[EventRounds "6"]
[EventCountry "GER"]
[SourceTitle "EXT 2015"]
[Source "ChessBase"]
[SourceDate "2014.11.20"]
[SourceVersion "1"]
[SourceVersionDate "2014.11.20"]
[SourceQuality "1"]

1. e4 c5 2. Nf3 Nc6 3. d4 cxd4 4. Nxd4 Nxd4 5. Qxd4 d6 6. Nc3 Bd7 7. Bc4 Nf6 8. 0-0 Qa5 9. Bb3 a6 10. Be3 Bc6 11. f4 Qh5 12. Nd5 Rc8 13. h3 Nd7 14. Rad1 Nc5 15. e5 Nxb3 16. cxb3 h6 17. Qb6 f5 18. Nb4 Be4 19. Nd5 1/2-1/2